000 01063cam a2200313 i 4500
001 56496
003 KOSZ 005
005 20220119121031.0
008 090714s2007 pl a f f |000 0 pol
020 _a9788301153595
040 _cKOSZ 005/HR
_aKOSZ 005/HR
_dKOSZ 005/HR
080 _a624.012.45
080 _a(075.8)
100 1 _aStarosolski, Włodzimierz
_d(1933- )
_eAutor
245 1 0 _aKonstrukcje żelbetowe :
_bwedług PN-B-03264:2002 i Eurokodu 2.
_nT. 1 /
_cWłodzimierz Starosolski.
250 _aWyd. 11.
260 _aWarszawa :
_bWydawnictwo Naukowe PWN,
_c2007.
300 _aXXVII, 515 s. :
_bil. ;
_c24 cm.
380 _aKsiążki
388 _a2001-
504 _aBibliogr. przy rozdz.
650 4 _aKonstrukcje żelbetowe
650 4 _aEurokody
655 4 _aPodręczniki akademickie
658 _aArchitektura i budownictwo
710 2 _aWydawnictwo Naukowe PWN
_4pbl.
856 _uhttp://koha.tu.koszalin.pl/cgi-bin/koha/opac-detail.pl?biblionumber=56497
_yKatalog online BPK
942 _cKS
_2UKD
999 _c56497
_d56497